Practical electricity / (Record no. 955)

MARC details
000 -LEADER
fixed length control field 00662nam a22002057a 4500
005 - DATE AND TIME OF LATEST TRANSACTION
control field 20230208023815.0
008 - FIXED-LENGTH DATA ELEMENTS--GENERAL INFORMATION
fixed length control field 230208b |||||||| |||| 00| 0 eng d
020 ## - INTERNATIONAL STANDARD BOOK NUMBER
International Standard Book Number 971-08-4615-9
082 ## - DEWEY DECIMAL CLASSIFICATION NUMBER
Classification number 621.3 M629 1988
100 ## - MAIN ENTRY--PERSONAL NAME
Personal name Middleton, Robert G.
Relator term author
245 ## - TITLE STATEMENT
Title Practical electricity /
Statement of responsibility, etc. Robert G. Middleton; revised by L. Donald Meyers, Joseph A. Tedesco
260 ## - PUBLICATION, DISTRIBUTION, ETC.
Place of publication, distribution, etc. New York:
Name of publisher, distributor, etc. Macmillan Publishing,
Date of publication, distribution, etc. c1988
300 ## - PHYSICAL DESCRIPTION
Extent [506]p.:
Other physical details ill.
500 ## - GENERAL NOTE
General note At head title: Audel
504 ## - BIBLIOGRAPHY, ETC. NOTE
Bibliography, etc. note Includes index
541 ## - IMMEDIATE SOURCE OF ACQUISITION NOTE
Accession number 848 c.1, 849 c.2, 4312 c.3
650 ## - SUBJECT ADDED ENTRY--TOPICAL TERM
Topical term or geographic name entry element Electricity
700 ## - ADDED ENTRY--PERSONAL NAME
Personal name Meyers, L. Donald
Relator term revisor
700 ## - ADDED ENTRY--PERSONAL NAME
Personal name Tedesco, Joseph A.
Relator term revisor
Holdings
Withdrawn status Lost status Source of classification or shelving scheme Damaged status Not for loan Home library Current library Date acquired Total Checkouts Full call number Barcode Date last seen Copy number Price effective from Koha item type
    Dewey Decimal Classification     ctu-moalboal ctu-moalboal 06/13/2011   621.3 M629 1988 848 02/08/2023 1 02/08/2023 Books-Reference
    Dewey Decimal Classification     ctu-moalboal ctu-moalboal 06/13/2011   621.3 M629 1988 849 02/08/2023 2 02/08/2023 Books-Reference
    Dewey Decimal Classification     ctu-moalboal ctu-moalboal 11/03/2015   621.3 M629 1988 4312 02/08/2023 3 02/08/2023 Books-Reference